| 000 -LEADER |
| fixed length control field |
01070cam a2200277 a 4500 |
| 005 - DATE AND TIME OF LATEST TRANSACTION |
| control field |
20131028070531.0 |
| 008 - FIXED-LENGTH DATA ELEMENTS--GENERAL INFORMATION |
| fixed length control field |
990721s2000 nyuab b 001 0 eng |
| 020 ## - INTERNATIONAL STANDARD BOOK NUMBER |
| International Standard Book Number |
0312225814 |
| 020 ## - INTERNATIONAL STANDARD BOOK NUMBER |
| International Standard Book Number |
031222771X |
| 041 0# - LANGUAGE CODE |
| Language code of text/sound track or separate title |
eng |
| 080 ## - UNIVERSAL DECIMAL CLASSIFICATION NUMBER |
| Universal Decimal Classification number |
327 GLO |
| 245 00 - TITLE STATEMENT |
| Title |
Global focus : |
| Statement of responsibility, etc |
edited by Martha Honey, Tom Barry. |
| 250 ## - |
| -- |
1st ed. |
| 260 ## - |
| -- |
New York : |
| -- |
St. Martin's Press, |
| -- |
2000. |
| 300 ## - |
| -- |
xxv, 340 p. : |
| -- |
ill., maps ; |
| -- |
24 cm. |
| 504 ## - BIBLIOGRAPHY, ETC. NOTE |
| Bibliography, etc |
Includes bibliographical references and index. |
| 650 ## - |
| -- |
Marrëdhënie ndërkombëtare |
| 651 #0 - |
| -- |
United States |
| -- |
Administrimi i marrëdhënieve ndërkombëtare |
| 700 1# - |
| -- |
Honey, Martha. |
| 700 1# - |
| -- |
Barry, Tom, |
| -- |
1950- |
| 856 42 - |
| -- |
Contributor biographical information |
| -- |
http://www.loc.gov/catdir/bios/hol056/99041010.html |
| 856 42 - |
| -- |
Publisher description |
| -- |
http://www.loc.gov/catdir/description/hol056/99041010.html |
| 856 41 - |
| -- |
Table of contents |
| -- |
http://www.loc.gov/catdir/toc/hol053/99041010.html |
| 942 ## - ADDED ENTRY ELEMENTS (KOHA) |
| Source of classification or shelving scheme |
|
| Item type |
Books |